Przebieg Linii tramwajowej nr 18 Ulicami we Wrocławiu - Statystyki

Ogólne statystyki
  • Ten quiz został rozwiązany 15 razy
  • Średni wynik to 8 z 18
Statystyki odpowiedzi
Hint Odpowiedź % Poprawnych
1. Gaj
77%
2 Świeradowska
77%
3 Bardzka
69%
6 Borowska
62%
4 Hubska
62%
5 Gliniana
54%
11 Kazimierza Wielkiego
46%
8 Kołłataja
46%
17 Pilczycka
46%
16 Popowicka
46%
9 Teatralna
46%
14 Dubois
38%
7 Peronowa
38%
18 Tarczyński Arena ( Królewiecka )
38%
10 Widok
38%
13 Mosty Pomorskie
23%
12 Nowy Świat
15%
15 most Mieszczański
0%
Nie znaleziono quizów pasujących do podanych kryteriów
Rozkład punktacji
Procent ludzi z każdym wynikiem
Percentyl według liczby udzielonych odpowiedzi
Twoja historia wyników
Nie rozwiązałeś tego quizu